000
00264nam a22001097a 4500
082
_a
621.37 ELE'M
100
_a
MOLLEY, E
_9
69908
245
_a
ELECTRICAL CONSTRCTION TESTING AND REPAIR
260
_a
LONDON
_b
GEORGE NEWNES
_c
1952
300
_a
91-164P
942
_c
BK
999
_c
576991
_d
576991